Rodeo - Travis Scott - Statistics

General Stats
  • This quiz has been taken 1,471 times
  • The average score is 11 of 14
Answer Stats
Track # Answer % Correct
5 90210 (feat. Kacy Hill)
93%
1 P****graphy
89%
3 3500 (feat. Future & 2 Chainz)
88%
7 Nightcrawler (feat. Swae Lee & Chief Keef)
85%
14 Apple Pie
83%
9 Antidote
81%
11 Maria I'm Drunk (feat. Justin Bieber & Young Thug)
77%
2 Oh My Dis Side (feat. Quavo)
76%
8 Piss On Your Grave (feat. Kanye West)
75%
10 Impossible
72%
6 Pray 4 Love (feat. The Weeknd)
70%
4 Wasted (feat. Juicy J)
64%
12 Flying High (feat. Toro y Moi)
62%
13 I Can Tell
60%
No matching quizzes found
Score Distribution
Percent of People with Each Score
Percentile by Number Answered
Your Score History
You have not taken this quiz